[Event "415 Stay Safe Play From Home series"]
[Site "Emanuel Lasker Arena"]
[Date "2020.08.27"]
[Round "2"]
[White "IceQueen"]
[Black "AChessPlayer"]
[Result "1-0"]
[WhiteElo "2296"]
[BlackElo "2370"]
[PlyCount "185"]
[EventDate "2020.08.27"]
[EventType "swiss (blitz)"]

1. e4 {[%emt 0:00:01]} c6 {[%emt 0:00:01]} 2. Nc3 {[%emt 0:00:00]} g6 {[%emt 0:00:00]} 3. d4 {[%emt 0:00:00]} Bg7 {[%emt 0:00:00]} 4. h4 {[%emt 0:00:00]} d5 {[%emt 0:00:00]} 5. h5 {[%emt 0:00:01]} dxe4 {[%emt 0:00:01]} 6. Be3 {[%emt 0:00:01]} gxh5 {[%emt 0:00:02]} 7. Rxh5 {[%emt 0:00:00]} Nf6 {[%emt 0:00:01]} 8. Rg5 {[%emt 0:00:00]} Bh6 {[%emt 0:00:01]} 9. Rg3 {[%emt 0:00:00]} Bxe3 {[%emt 0:00:01]} 10. Rxe3 {[%emt 0:00:03]} Bf5 {[%emt 0:00:00]} 11. Nge2 {[%emt 0:00:01]} Bg6 {[%emt 0:00:01]} 12. Nf4 {[%emt 0:00:01]} Qa5 {[%emt 0:00:02]} 13. Nxg6 {[%emt 0:00:02]} hxg6 {[%emt 0:00:00]} 14. Qd2 {[%emt 0:00:00]} Nbd7 {[%emt 0:00:00]} 15. O-O-O {[%emt 0:00:01]} O-O-O {[%emt 0:00:02]} 16. Kb1 {[%emt 0:00:00]} Nb6 {[%emt 0:00:01]} 17. Nxe4 {[%emt 0:00:01]} Qxd2 {[%emt 0:00:01]} 18. Rxd2 {[%emt 0:00:00]} Nbd5 {[%emt 0:00:02]} 19. Re1 {[%emt 0:00:02]} Nxe4 {[%emt 0:00:01]} 20. Rxe4 {[%emt 0:00:00]} e6 {[%emt 0:00:00]} 21. Re1 {[%emt 0:00:02]} Rh1 {[%emt 0:00:01]} 22. Rdd1 {[%emt 0:00:01]} Rdh8 {[%emt 0:00:01]} 23. Bd3 {[%emt 0:00:03]} R1h2 {[%emt 0:00:01]} 24. Be4 {[%emt 0:00:03]} Nf6 {[%emt 0:00:01]} 25. Bf3 {[%emt 0:00:01]} g5 {[%emt 0:00:00]} 26. Rg1 {[%emt 0:00:06]} g4 {[%emt 0:00:01]} 27. Be2 {[%emt 0:00:00]} Kc7 {[%emt 0:00:01]} 28. c4 {[%emt 0:00:01]} Rg8 {[%emt 0:00:01]} 29. Rd3 {[%emt 0:00:01]} Nh5 {[%emt 0:00:01]} 30. d5 {[%emt 0:00:03]} Nf4 {[%emt 0:00:02]} 31. Re3 {[%emt 0:00:01]} cxd5 {[%emt 0:00:01]} 32. cxd5 {[%emt 0:00:01]} Nxd5 {[%emt 0:00:00]} 33. Re4 {[%emt 0:00:01]} Kd6 {[%emt 0:00:02]} 34. Rxg4 {[%emt 0:00:02]} Rxg4 {[%emt 0:00:01]} 35. Bxg4 {[%emt 0:00:00]} Rh4 {[%emt 0:00:00]} 36. Bf3 {[%emt 0:00:01]} Nf6 {[%emt 0:00:00]} 37. Rd1+ {[%emt 0:00:00]} Kc7 {[%emt 0:00:01]} 38. g3 {[%emt 0:00:00]} Rh2 {[%emt 0:00:01]} 39. Rc1+ {[%emt 0:00:00]} Kb6 {[%emt 0:00:01]} 40. Rc2 {[%emt 0:00:00]} Nd7 {[%emt 0:00:00]} 41. Rc3 {[%emt 0:00:01]} Ne5 {[%emt 0:00:00]} 42. Rb3+ {[%emt 0:00:00]} Kc5 {[%emt 0:00:01]} 43. Bxb7 {[%emt 0:00:00]} Nc4 {[%emt 0:00:01]} 44. Rc3 {[%emt 0:00:03]} Kd4 {[%emt 0:00:01]} 45. Rc2 {[%emt 0:00:03]} Rh1+ {[%emt 0:00:01]} 46. Rc1 {[%emt 0:00:00]} Rh2 {[%emt 0:00:00]} 47. Rc2 {[%emt 0:00:01]} Rh1+ {[%emt 0:00:01]} 48. Bxh1 {[%emt 0:00:01]} e5 {[%emt 0:00:01]} 49. Rxc4+ {[%emt 0:00:01]} Kxc4 {[%emt 0:00:01]} 50. Kc2 {[%emt 0:00:00]} Kd4 {[%emt 0:00:00]} 51. Bg2 {[%emt 0:00:00]} f5 {[%emt 0:00:00]} 52. Bf1 {[%emt 0:00:00]} f4 {[%emt 0:00:00]} 53. Be2 {[%emt 0:00:00]} a5 {[%emt 0:00:02]} 54. g4 {[%emt 0:00:00]} e4 {[%emt 0:00:01]} 55. Bd1 {[%emt 0:00:00]} Ke5 {[%emt 0:00:00]} 56. Be2 {[%emt 0:00:01]} f3 {[%emt 0:00:00]} 57. Bd1 {[%emt 0:00:01]} Kf4 {[%emt 0:00:00]} 58. Kd2 {[%emt 0:00:00]} Kxg4 {[%emt 0:00:01]} 59. Ke3 {[%emt 0:00:00]} Kf5 {[%emt 0:00:00]} 60. Bc2 {[%emt 0:00:00]} Ke5 {[%emt 0:00:00]} 61. a3 {[%emt 0:00:00]} Kd6 {[%emt 0:00:00]} 62. Bxe4 {[%emt 0:00:00]} Kc5 {[%emt 0:00:00]} 63. Bxf3 {[%emt 0:00:00]} Kc4 {[%emt 0:00:00]} 64. Bd1 {[%emt 0:00:00]} Kb5 {[%emt 0:00:01]} 65. f4 {[%emt 0:00:00]} Kc5 {[%emt 0:00:00]} 66. f5 {[%emt 0:00:00]} Kd6 {[%emt 0:00:00]} 67. f6 {[%emt 0:00:00]} Ke6 {[%emt 0:00:01]} 68. Kd4 {[%emt 0:00:00]} Kxf6 {[%emt 0:00:00]} 69. Kc5 {[%emt 0:00:00]} Ke7 {[%emt 0:00:00]} 70. Kb5 {[%emt 0:00:00]} Kd8 {[%emt 0:00:00]} 71. Kxa5 {[%emt 0:00:00]} Kc8 {[%emt 0:00:00]} 72. Kb4 {[%emt 0:00:00]} Kb8 {[%emt 0:00:00]} 73. a4 {[%emt 0:00:00]} Ka7 {[%emt 0:00:00]} 74. a5 {[%emt 0:00:00]} Kb8 {[%emt 0:00:00]} 75. Bf3 {[%emt 0:00:00]} Ka7 {[%emt 0:00:00]} 76. Kb5 {[%emt 0:00:00]} Kb8 {[%emt 0:00:00]} 77. Kb6 {[%emt 0:00:00]} Kc8 {[%emt 0:00:01]} 78. a6 {[%emt 0:00:00]} Kd7 {[%emt 0:00:00]} 79. a7 {[%emt 0:00:00]} Kd6 {[%emt 0:00:00]} 80. a8=Q {[%emt 0:00:00]} Ke5 {[%emt 0:00:00]} 81. Qc6 {[%emt 0:00:00]} Kf4 {[%emt 0:00:01]} 82. Ka5 {[%emt 0:00:00]} Kg3 {[%emt 0:00:00]} 83. b4 {[%emt 0:00:00]} Kf2 {[%emt 0:00:00]} 84. Bd5 {[%emt 0:00:00]} Kg3 {[%emt 0:00:00]} 85. b5 {[%emt 0:00:00]} Kf2 {[%emt 0:00:00]} 86. b6 {[%emt 0:00:00]} Ke3 {[%emt 0:00:00]} 87. b7 {[%emt 0:00:00]} Kd4 {[%emt 0:00:00]} 88. b8=Q {[%emt 0:00:00]} Kd3 {[%emt 0:00:00]} 89. Qb3+ {[%emt 0:00:00]} Kd4 {[%emt 0:00:01]} 90. Qcc4+ {[%emt 0:00:01]} Ke5 {[%emt 0:00:00]} 91. Qe4+ {[%emt 0:00:00]} Kd6 {[%emt 0:00:00]} 92. Qb6+ {[%emt 0:00:00]} Kd7 {[%emt 0:00:00]} 93. Qee6# {[%emt 0:00:00] (Lag: Av=0.67s, max=1.5s) (Lag: Av=0.67s, max=1.5s) (Lag: Av=0.67s, max=1.5s)} 1-0

[Event "415 Stay Safe Play From Home series"]
[Site "Emanuel Lasker Arena"]
[Date "2020.08.27"]
[Round "2"]
[White "Lazieri3"]
[Black "NTBT_DHS"]
[Result "0-1"]
[WhiteElo "2061"]
[BlackElo "2557"]
[PlyCount "42"]
[EventDate "2020.08.27"]
[EventType "swiss (blitz)"]

1. e4 {[%emt 0:00:02]} g6 {[%emt 0:00:01]} 2. Nc3 {[%emt 0:00:00]} Bg7 {[%emt 0:00:00]} 3. Nf3 {[%emt 0:00:00]} d6 {[%emt 0:00:00]} 4. d3 {[%emt 0:00:01]} Nf6 {[%emt 0:00:01]} 5. Be3 {[%emt 0:00:00]} O-O {[%emt 0:00:00]} 6. Qd2 {[%emt 0:00:01]} c5 {[%emt 0:00:00]} 7. Bh6 {[%emt 0:00:01]} Nc6 {[%emt 0:00:00]} 8. h4 {[%emt 0:00:01]} Bg4 {[%emt 0:00:01]} 9. h5 {[%emt 0:00:01]} Nxh5 {[%emt 0:00:03]} 10. Bxg7 {[%emt 0:00:03]} Kxg7 {[%emt 0:00:01]} 11. Be2 {[%emt 0:00:01]} e5 {[%emt 0:00:05]} 12. Nd5 {[%emt 0:00:02]} h6 {[%emt 0:00:03]} 13. c3 {[%emt 0:00:05]} Ne7 {[%emt 0:00:04]} 14. Ne3 {[%emt 0:00:04]} Bxf3 {[%emt 0:00:02]} 15. Bxf3 {[%emt 0:00:01]} Nf4 {[%emt 0:00:06]} 16. g3 {[%emt 0:00:01]} Ne6 {[%emt 0:00:02]} 17. Nf5+ {[%emt 0:00:01]} Nxf5 {[%emt 0:00:03]} 18. exf5 {[%emt 0:00:01]} Ng5 {[%emt 0:00:00]} 19. fxg6 {[%emt 0:00:01]} Nxf3+ {[%emt 0:00:01]} 20. Ke2 {[%emt 0:00:01]} Nxd2 {[%emt 0:00:00]} 21. Kxd2 {[%emt 0:00:01]} Qg5+ {[%emt 0:00:00] Lazieri3 resigns Lazieri3 resigns Lazieri3 resigns (Lag: Av=0.62s, max=1.2s) (Lag: Av=0.62s, max=1.2s) (Lag: Av=0.62s, max=1.2s)} 0-1

[Event "415 Stay Safe Play From Home series"]
[Site "Emanuel Lasker Arena"]
[Date "2020.08.27"]
[Round "2"]
[White "Schachwerk_64"]
[Black "Tran Minh Thang"]
[Result "0-1"]
[WhiteElo "1956"]
[BlackElo "2436"]
[Annotator "NA"]
[PlyCount "76"]
[EventDate "2020.08.27"]
[EventType "swiss (blitz)"]

1. g3 {[%emt 0:00:01]} Nf6 {[%emt 0:00:01]} 2. Bg2 {[%emt 0:00:00]} g6 {[%emt 0:00:00]} 3. d3 {[%emt 0:00:00]} Bg7 {[%emt 0:00:00]} 4. Nd2 {[%emt 0:00:00]} O-O {[%emt 0:00:01]} 5. e4 {[%emt 0:00:00]} d5 {[%emt 0:00:00]} 6. e5 {[%emt 0:00:00]} Nfd7 {[%emt 0:00:00]} 7. d4 {[%emt 0:00:00]} c5 {[%emt 0:00:01]} 8. c3 {[%emt 0:00:01]} Nc6 {[%emt 0:00:01]} 9. Ngf3 {[%emt 0:00:01]} cxd4 {[%emt 0:00:00]} 10. cxd4 {[%emt 0:00:00]} Qb6 {[%emt 0:00:00]} 11. O-O {[%emt 0:00:00]} Nxd4 {[%emt 0:00:01]} 12. Nxd4 {[%emt 0:00:02]} Qxd4 {[%emt 0:00:00]} 13. e6 {[%emt 0:00:02]} fxe6 {[%emt 0:00:01]} 14. Qe2 {[%emt 0:00:02]} e5 {[%emt 0:00:02]} 15. Nf3 {[%emt 0:00:01]} Qb6 {[%emt 0:00:01]} 16. Rd1 {[%emt 0:00:02]} d4 {[%emt 0:00:00]} 17. Ng5 {[%emt 0:00:01]} h6 {[%emt 0:00:01]} 18. Qc4+ {[%emt 0:00:02]} Kh8 {[%emt 0:00:02]} 19. Nf7+ {[%emt 0:00:02]} Kh7 {[%emt 0:00:01]} 20. h4 {[%emt 0:00:14]} e6 {[%emt 0:00:03]} 21. Bxh6 {[%emt 0:00:06]} Rxf7 {[%emt 0:00:01]} 22. Bg5 {[%emt 0:00:01]} Nf6 {[%emt 0:00:03]} 23. Bf3 {[%emt 0:00:05]} e4 {[%emt 0:00:01]} 24. Bxf6 {[%emt 0:00:04]} exf3 {[%emt 0:00:01]} 25. Bxd4 {[%emt 0:00:01]} Bxd4 {[%emt 0:00:01]} 26. Rxd4 {[%emt 0:00:01]} Bd7 {[%emt 0:00:01]} 27. Rf4 {[%emt 0:00:01]} Rxf4 {[%emt 0:00:01]} 28. Qxf4 {[%emt 0:00:00]} Be8 {[%emt 0:00:01]} 29. Qxf3 {[%emt 0:00:01]} Qc6 {[%emt 0:00:01]} 30. Qg4 {[%emt 0:00:01]} Qd5 {[%emt 0:00:01]} 31. Kh2 {[%emt 0:00:01]} Bc6 {[%emt 0:00:01]} 32. Rg1 {[%emt 0:00:02]} Rf8 {[%emt 0:00:01]} 33. h5 {[%emt 0:00:00]} Rxf2+ {[%emt 0:00:01]} 34. Kh3 {[%emt 0:00:01]} Qxh5+ {[%emt 0:00:00]} 35. Qxh5+ {[%emt 0:00:01]} gxh5 {[%emt 0:00:00]} 36. Rg2 {[%emt 0:00:01]} Rxg2 {[%emt 0:00:01]} 37. Kh4 {[%emt 0:00:00]} Kg6 {[%emt 0:00:01]} 38. g4 {[%emt 0:00:00]} hxg4 {[%emt 0:00:02] Zeit Zeit Zeit (Lag: Av=0.65s, max=1.2s) (Lag: Av=0.65s, max=1.2s) (Lag: Av=0.65s, max=1.2s) . . .} 0-1

[Event "415 Stay Safe Play From Home series"]
[Site "Emanuel Lasker Arena"]
[Date "2020.08.27"]
[Round "3"]
[White "IceQueen"]
[Black "Mepe_Nika"]
[Result "1-0"]
[WhiteElo "2317"]
[BlackElo "2389"]
[PlyCount "33"]
[EventDate "2020.08.27"]
[EventType "swiss (blitz)"]

1. e4 {[%emt 0:00:01]} e5 {[%emt 0:00:00]} 2. Nc3 {[%emt 0:00:00]} Nf6 {[%emt 0:00:01]} 3. Bc4 {[%emt 0:00:00]} Nxe4 {[%emt 0:00:03]} 4. Nxe4 {[%emt 0:00:01]} d5 {[%emt 0:00:01]} 5. Bd3 {[%emt 0:00:00]} dxe4 {[%emt 0:00:01]} 6. Bxe4 {[%emt 0:00:00]} Bd6 {[%emt 0:00:01]} 7. Nf3 {[%emt 0:00:02]} O-O {[%emt 0:00:01]} 8. d4 {[%emt 0:00:01]} exd4 {[%emt 0:00:02]} 9. Qxd4 {[%emt 0:00:00]} Re8 {[%emt 0:00:02]} 10. O-O {[%emt 0:00:01]} Nc6 {[%emt 0:00:01]} 11. Bxc6 {[%emt 0:00:01]} bxc6 {[%emt 0:00:00]} 12. Bg5 {[%emt 0:00:00]} Qd7 {[%emt 0:00:04]} 13. Rad1 {[%emt 0:00:02]} h6 {[%emt 0:00:01]} 14. Bf4 {[%emt 0:00:01]} Bxf4 {[%emt 0:00:06]} 15. Qxf4 {[%emt 0:00:00]} Qe6 {[%emt 0:00:02]} 16. Rfe1 {[%emt 0:00:01]} g5 {[%emt 0:00:07]} 17. Rxe6 {[%emt 0:00:02] Mepe_Nika resigns Mepe_Nika resigns Mepe_Nika resigns (Lag: Av=0.54s, max=1.1s) (Lag: Av=0.54s, max=1.1s) (Lag: Av=0.54s, max=1.1s)} 1-0

[Event "415 Stay Safe Play From Home series"]
[Site "Emanuel Lasker Arena"]
[Date "2020.08.27"]
[Round "3"]
[White "Lazieri3"]
[Black "Hickey"]
[Result "0-1"]
[WhiteElo "2059"]
[BlackElo "2370"]
[PlyCount "78"]
[EventDate "2020.08.27"]
[EventType "swiss (blitz)"]

1. e4 {[%emt 0:00:01]} c6 {[%emt 0:00:01]} 2. Nc3 {[%emt 0:00:00]} d5 {[%emt 0:00:00]} 3. exd5 {[%emt 0:00:01]} cxd5 {[%emt 0:00:00]} 4. d4 {[%emt 0:00:00]} Nf6 {[%emt 0:00:01]} 5. Nf3 {[%emt 0:00:00]} g6 {[%emt 0:00:00]} 6. Bf4 {[%emt 0:00:00]} Bg7 {[%emt 0:00:00]} 7. Qd2 {[%emt 0:00:00]} O-O {[%emt 0:00:01]} 8. Bh6 {[%emt 0:00:01]} Bf5 {[%emt 0:00:01]} 9. Bxg7 {[%emt 0:00:01]} Kxg7 {[%emt 0:00:00]} 10. Bd3 {[%emt 0:00:00]} Ne4 {[%emt 0:00:02]} 11. Qe3 {[%emt 0:00:03]} Nxc3 {[%emt 0:00:01]} 12. bxc3 {[%emt 0:00:01]} Bxd3 {[%emt 0:00:01]} 13. cxd3 {[%emt 0:00:01]} Nd7 {[%emt 0:00:01]} 14. O-O {[%emt 0:00:02]} e6 {[%emt 0:00:01]} 15. c4 {[%emt 0:00:02]} Nf6 {[%emt 0:00:02]} 16. c5 {[%emt 0:00:03]} b6 {[%emt 0:00:03]} 17. Ne5 {[%emt 0:00:01]} Qc7 {[%emt 0:00:01]} 18. Rfc1 {[%emt 0:00:03]} Rfc8 {[%emt 0:00:04]} 19. h4 {[%emt 0:00:03]} h5 {[%emt 0:00:02]} 20. g4 {[%emt 0:00:03]} Nxg4 {[%emt 0:00:02]} 21. Nxg4 {[%emt 0:00:01]} hxg4 {[%emt 0:00:00]} 22. Qg5 {[%emt 0:00:03]} Rh8 {[%emt 0:00:02]} 23. Qxg4 {[%emt 0:00:03]} Rh5 {[%emt 0:00:00]} 24. Rc3 {[%emt 0:00:06]} Rah8 {[%emt 0:00:01]} 25. Rac1 {[%emt 0:00:03]} Rxh4 {[%emt 0:00:02]} 26. Qg2 {[%emt 0:00:01]} bxc5 {[%emt 0:00:04]} 27. dxc5 {[%emt 0:00:03]} Qc6 {[%emt 0:00:01]} 28. Kf1 {[%emt 0:00:03]} Rh1+ {[%emt 0:00:02]} 29. Ke2 {[%emt 0:00:01]} Rxc1 {[%emt 0:00:02]} 30. Rxc1 {[%emt 0:00:00]} Rh5 {[%emt 0:00:01]} 31. Qg3 {[%emt 0:00:02]} d4 {[%emt 0:00:02]} 32. Qd6 {[%emt 0:00:01]} Qa4 {[%emt 0:00:04]} 33. Rc4 {[%emt 0:00:02]} Qxa2+ {[%emt 0:00:01]} 34. Kf3 {[%emt 0:00:00]} Rf5+ {[%emt 0:00:01]} 35. Ke4 {[%emt 0:00:00]} Qxf2 {[%emt 0:00:00]} 36. Qxd4+ {[%emt 0:00:02]} Qxd4+ {[%emt 0:00:01]} 37. Kxd4 {[%emt 0:00:00]} Rd5+ {[%emt 0:00:02]} 38. Kc3 {[%emt 0:00:01]} Rd7 {[%emt 0:00:01]} 39. c6 {[%emt 0:00:00]} Rc7 {[%emt 0:00:00] Time Time Time (Lag: Av=0.67s, max=1.3s) (Lag: Av=0.67s, max=1.3s) (Lag: Av=0.67s, max=1.3s)} 0-1

[Event "415 Stay Safe Play From Home series"]
[Site "Emanuel Lasker Arena"]
[Date "2020.08.27"]
[Round "3"]
[White "Fischer_11"]
[Black "Nguyen Hong Anh"]
[Result "0-1"]
[WhiteElo "2053"]
[BlackElo "2317"]
[Annotator "NA"]
[PlyCount "102"]
[EventDate "2020.08.27"]
[EventType "swiss (blitz)"]

1. e4 {[%emt 0:00:01]} c5 {[%emt 0:00:04]} 2. c3 {[%emt 0:00:01]} Nc6 {[%emt 0:00:00]} 3. d4 {[%emt 0:00:01]} cxd4 {[%emt 0:00:00]} 4. cxd4 {[%emt 0:00:00]} d5 {[%emt 0:00:01]} 5. exd5 {[%emt 0:00:00]} Qxd5 {[%emt 0:00:01]} 6. Nf3 {[%emt 0:00:00]} Bg4 {[%emt 0:00:01]} 7. Nc3 {[%emt 0:00:00]} Qd8 {[%emt 0:00:03]} 8. d5 {[%emt 0:00:01]} Nb8 {[%emt 0:00:01]} 9. Qa4+ {[%emt 0:00:01]} Bd7 {[%emt 0:00:02]} 10. Qb3 {[%emt 0:00:01]} b6 {[%emt 0:00:02]} 11. Bf4 {[%emt 0:00:01]} Nf6 {[%emt 0:00:01]} 12. Nb5 {[%emt 0:00:02]} Na6 {[%emt 0:00:01]} 13. Rc1 {[%emt 0:00:10]} g6 {[%emt 0:00:03]} 14. Ne5 {[%emt 0:00:02]} Bg7 {[%emt 0:00:01]} 15. Nxd7 {[%emt 0:00:01]} Qxd7 {[%emt 0:00:01]} 16. Nc7+ {[%emt 0:00:05]} Nxc7 {[%emt 0:00:01]} 17. Rxc7 {[%emt 0:00:00]} Qf5 {[%emt 0:00:02]} 18. Bb5+ {[%emt 0:00:03]} Kf8 {[%emt 0:00:01]} 19. Bg3 {[%emt 0:00:04]} Qxd5 {[%emt 0:00:01]} 20. O-O {[%emt 0:00:03]} Qxb3 {[%emt 0:00:01]} 21. axb3 {[%emt 0:00:00]} Nd5 {[%emt 0:00:01]} 22. Rd7 {[%emt 0:00:02]} e6 {[%emt 0:00:02]} 23. Rc1 {[%emt 0:00:03]} Bxb2 {[%emt 0:00:03]} 24. Rc2 {[%emt 0:00:02]} Bf6 {[%emt 0:00:01]} 25. Bd6+ {[%emt 0:00:01]} Kg7 {[%emt 0:00:01]} 26. Bc6 {[%emt 0:00:01]} Rac8 {[%emt 0:00:01]} 27. Rc4 {[%emt 0:00:05]} Rhd8 {[%emt 0:00:03]} 28. Rxd8 {[%emt 0:00:02]} Rxd8 {[%emt 0:00:01]} 29. Bxd5 {[%emt 0:00:00]} Rxd6 {[%emt 0:00:01]} 30. Bf3 {[%emt 0:00:00]} Rd3 {[%emt 0:00:01]} 31. g3 {[%emt 0:00:00]} Rxf3 {[%emt 0:00:01]} 32. Kg2 {[%emt 0:00:00]} Rxb3 {[%emt 0:00:00]} 33. Rc7 {[%emt 0:00:00]} a5 {[%emt 0:00:00]} 34. h3 {[%emt 0:00:00]} b5 {[%emt 0:00:01]} 35. h4 {[%emt 0:00:00]} a4 {[%emt 0:00:00]} 36. Ra7 {[%emt 0:00:00]} a3 {[%emt 0:00:01]} 37. f3 {[%emt 0:00:00]} b4 {[%emt 0:00:00]} 38. g4 {[%emt 0:00:00]} Rb2+ {[%emt 0:00:00]} 39. Kg3 {[%emt 0:00:00]} h6 {[%emt 0:00:00]} 40. g5 {[%emt 0:00:00]} hxg5 {[%emt 0:00:00]} 41. hxg5 {[%emt 0:00:00]} Bxg5 {[%emt 0:00:00]} 42. Kg4 {[%emt 0:00:00]} Bf6 {[%emt 0:00:00]} 43. f4 {[%emt 0:00:00]} a2 {[%emt 0:00:00]} 44. f5 {[%emt 0:00:00]} b3 {[%emt 0:00:00]} 45. fxg6 {[%emt 0:00:00]} Kxg6 {[%emt 0:00:01]} 46. Rb7 {[%emt 0:00:00]} Rc2 {[%emt 0:00:00]} 47. Rxb3 {[%emt 0:00:00]} a1=Q {[%emt 0:00:00]} 48. Ra3 {[%emt 0:00:00]} Qd4+ {[%emt 0:00:00]} 49. Kf3 {[%emt 0:00:00]} Rc3+ {[%emt 0:00:01]} 50. Kg2 {[%emt 0:00:00]} Qd2+ {[%emt 0:00:01]} 51. Kf1 {[%emt 0:00:00]} Rc1# {[%emt 0:00:00] (Lag: Av=1.01s, max=1.6s) (Lag: Av=1.01s, max=1.6s) (Lag: Av=1.01s, max=1.6s)} 0-1

[Event "415 Stay Safe Play From Home series"]
[Site "Emanuel Lasker Arena"]
[Date "2020.08.27"]
[Round "3"]
[White "Ao017545"]
[Black "TheCHESSHOUSE"]
[Result "0-1"]
[WhiteElo "1582"]
[BlackElo "2026"]
[Annotator "NA"]
[PlyCount "68"]
[EventDate "2020.08.27"]
[EventType "swiss (blitz)"]

1. e4 {[%emt 0:00:02]} g6 {[%emt 0:00:01]} 2. Nf3 {[%emt 0:00:00]} Bg7 {[%emt 0:00:01]} 3. Bc4 {[%emt 0:00:01]} d6 {[%emt 0:00:01]} 4. Ng5 {[%emt 0:00:01]} e6 {[%emt 0:00:01]} 5. d4 {[%emt 0:00:00]} d5 {[%emt 0:00:01]} 6. exd5 {[%emt 0:00:05]} exd5 {[%emt 0:00:00]} 7. Bd3 {[%emt 0:00:03]} Qe7+ {[%emt 0:00:02]} 8. Kf1 {[%emt 0:00:03]} Nc6 {[%emt 0:00:02]} 9. c3 {[%emt 0:00:01]} h6 {[%emt 0:00:01]} 10. Nf3 {[%emt 0:00:02]} Nf6 {[%emt 0:00:00]} 11. Bf4 {[%emt 0:00:01]} O-O {[%emt 0:00:00]} 12. Nbd2 {[%emt 0:00:03]} g5 {[%emt 0:00:01]} 13. Bg3 {[%emt 0:00:03]} Ne4 {[%emt 0:00:01]} 14. Bc2 {[%emt 0:00:05]} Bg4 {[%emt 0:00:01]} 15. h3 {[%emt 0:00:04]} Nxd2+ {[%emt 0:00:01]} 16. Qxd2 {[%emt 0:00:06]} Bxf3 {[%emt 0:00:01]} 17. gxf3 {[%emt 0:00:01]} f5 {[%emt 0:00:01]} 18. f4 {[%emt 0:00:00]} Qf6 {[%emt 0:00:02]} 19. fxg5 {[%emt 0:00:01]} hxg5 {[%emt 0:00:00]} 20. h4 {[%emt 0:00:00]} g4 {[%emt 0:00:05]} 21. Bxc7 {[%emt 0:00:01]} Bh6 {[%emt 0:00:01]} 22. Bg3 {[%emt 0:00:00]} Bxd2 {[%emt 0:00:01]} 23. h5 {[%emt 0:00:01]} Bh6 {[%emt 0:00:02]} 24. Bh4 {[%emt 0:00:02]} Qg7 {[%emt 0:00:01]} 25. Bb3 {[%emt 0:00:01]} Rfd8 {[%emt 0:00:05]} 26. Bxd5+ {[%emt 0:00:00]} Rxd5 {[%emt 0:00:01]} 27. c4 {[%emt 0:00:01]} Rxd4 {[%emt 0:00:01]} 28. Re1 {[%emt 0:00:00]} Rf8 {[%emt 0:00:02]} 29. Re6 {[%emt 0:00:00]} Rd1+ {[%emt 0:00:02]} 30. Kg2 {[%emt 0:00:01]} Rxh1 {[%emt 0:00:00]} 31. Rg6 {[%emt 0:00:00]} Qxg6 {[%emt 0:00:01]} 32. hxg6 {[%emt 0:00:02]} Rxh4 {[%emt 0:00:00]} 33. Kg3 {[%emt 0:00:01]} Rh3+ {[%emt 0:00:02]} 34. Kg2 {[%emt 0:00:01]} Kg7 {[%emt 0:00:00] Zaman Zaman Zaman (Lag: Av=0.83s, max=1.0s) (Lag: Av=0.83s, max=1.0s) (Lag: Av=0.83s, max=1.0s)} 0-1

[Event "415 Stay Safe Play From Home series"]
[Site "Emanuel Lasker Arena"]
[Date "2020.08.27"]
[Round "3"]
[White "Stepmaker"]
[Black "AChessPlayer"]
[Result "0-1"]
[WhiteElo "1399"]
[BlackElo "2350"]
[PlyCount "80"]
[EventDate "2020.08.27"]
[EventType "swiss (blitz)"]

1. d4 {[%emt 0:00:03]} c6 {[%emt 0:00:01]} 2. c3 {[%emt 0:00:00]} Nf6 {[%emt 0:00:00]} 3. e3 {[%emt 0:00:01]} g6 {[%emt 0:00:00]} 4. Nf3 {[%emt 0:00:00]} Bg7 {[%emt 0:00:00]} 5. Be2 {[%emt 0:00:00]} O-O {[%emt 0:00:00]} 6. O-O {[%emt 0:00:00]} d6 {[%emt 0:00:00]} 7. g3 {[%emt 0:00:00]} Nbd7 {[%emt 0:00:00]} 8. Ne1 {[%emt 0:00:01]} Qc7 {[%emt 0:00:00]} 9. Bf3 {[%emt 0:00:00]} e5 {[%emt 0:00:00]} 10. Bg2 {[%emt 0:00:01]} e4 {[%emt 0:00:00]} 11. f3 {[%emt 0:00:01]} exf3 {[%emt 0:00:02]} 12. Nxf3 {[%emt 0:00:01]} d5 {[%emt 0:00:01]} 13. Bd2 {[%emt 0:00:00]} Re8 {[%emt 0:00:00]} 14. Na3 {[%emt 0:00:02]} Ne4 {[%emt 0:00:01]} 15. Nc2 {[%emt 0:00:01]} f6 {[%emt 0:00:00]} 16. Qe2 {[%emt 0:00:04]} Bh6 {[%emt 0:00:01]} 17. Rfe1 {[%emt 0:00:02]} f5 {[%emt 0:00:00]} 18. Bc1 {[%emt 0:00:01]} Ndf6 {[%emt 0:00:01]} 19. Nb4 {[%emt 0:00:01]} a5 {[%emt 0:00:01]} 20. Ne5 {[%emt 0:00:01]} Ng4 {[%emt 0:00:00]} 21. Nc2 {[%emt 0:00:02]} Nxe5 {[%emt 0:00:01]} 22. dxe5 {[%emt 0:00:01]} Qxe5 {[%emt 0:00:00]} 23. Nd4 {[%emt 0:00:01]} Bd7 {[%emt 0:00:01]} 24. Bxe4 {[%emt 0:00:01]} Qxe4 {[%emt 0:00:01]} 25. Qf3 {[%emt 0:00:00]} c5 {[%emt 0:00:01]} 26. Qxe4 {[%emt 0:00:02]} Rxe4 {[%emt 0:00:00]} 27. Nf3 {[%emt 0:00:02]} Bc6 {[%emt 0:00:00]} 28. Nh4 {[%emt 0:00:02]} Rae8 {[%emt 0:00:01]} 29. Ng2 {[%emt 0:00:01]} d4 {[%emt 0:00:01]} 30. Bd2 {[%emt 0:00:01]} dxe3 {[%emt 0:00:01]} 31. Bxe3 {[%emt 0:00:03]} Bxe3+ {[%emt 0:00:01]} 32. Nxe3 {[%emt 0:00:00]} Rxe3 {[%emt 0:00:00]} 33. Rxe3 {[%emt 0:00:01]} Rxe3 {[%emt 0:00:01]} 34. Rd1 {[%emt 0:00:00]} Re2 {[%emt 0:00:00]} 35. Rd8+ {[%emt 0:00:04]} Kg7 {[%emt 0:00:00]} 36. Rd1 {[%emt 0:00:03]} Rg2+ {[%emt 0:00:01]} 37. Kf1 {[%emt 0:00:03]} Rxb2 {[%emt 0:00:00]} 38. h4 {[%emt 0:00:02]} Rxa2 {[%emt 0:00:01]} 39. Rb1 {[%emt 0:00:01]} Kh6 {[%emt 0:00:01]} 40. Rd1 {[%emt 0:00:01]} Kh5 {[%emt 0:00:00] TimeW TimeW TimeW} 0-1

[Event "415 Stay Safe Play From Home series"]
[Site "Emanuel Lasker Arena"]
[Date "2020.08.27"]
[Round "3"]
[White "Klasman"]
[Black "Schachwerk_64"]
[Result "0-1"]
[WhiteElo "1340"]
[BlackElo "1954"]
[Annotator "NA"]
[PlyCount "28"]
[EventDate "2020.08.27"]
[EventType "swiss (blitz)"]

1. f4 {[%emt 0:00:01]} d5 {[%emt 0:00:01]} 2. e3 {[%emt 0:00:02]} Nc6 {[%emt 0:00:01]} 3. c4 {[%emt 0:00:01]} dxc4 {[%emt 0:00:01]} 4. Bxc4 {[%emt 0:00:02]} e5 {[%emt 0:00:00]} 5. Qb3 {[%emt 0:00:04]} Nh6 {[%emt 0:00:08]} 6. Nf3 {[%emt 0:00:09]} Na5 {[%emt 0:00:05]} 7. Qa4+ {[%emt 0:00:04]} c6 {[%emt 0:00:01]} 8. Nxe5 {[%emt 0:00:02]} Bd6 {[%emt 0:00:09]} 9. Nc3 {[%emt 0:00:11]} Bxe5 {[%emt 0:00:03]} 10. fxe5 {[%emt 0:00:01]} Qh4+ {[%emt 0:00:02]} 11. g3 {[%emt 0:00:06]} Qxc4 {[%emt 0:00:01]} 12. Qxa5 {[%emt 0:00:01]} O-O {[%emt 0:00:02]} 13. b3 {[%emt 0:00:03]} Qd3 {[%emt 0:00:03]} 14. Ba3 {[%emt 0:00:08]} Bg4 {[%emt 0:00:04] Time Time Time (Lag: Av=0.39s, max=0.4s) (Lag: Av=0.39s, max=0.4s) (Lag: Av=0.39s, max=0.4s)} 0-1